000 00564nam a22002057a 4500
003 OSt
005 20140310183127.0
008 130529t xxu||||| |||| 00| 0 eng d
020 _a971232602
050 _aHM 133
_b.T819 2002
082 _aFIL 302.3
_bT67 2002
245 _aIntroductory course in group dynamics /
_cTria, Geraldine E.
260 _aManila :
_bRex Book Store,
_c2002.
300 _ax, 188 p. :
_bill. ;
_c22 cm.
521 _acollege students
526 _c1210L-1700L
541 _j1
562 _e1
942 _2lcc
_cBK
_k2002
999 _c19047
_d19047